00309 a2200109 4500001001000000005001700010008004100027245002500068100002400093773006500117999001700182ART_1290720260410161909.0260409a 10aConocimiento y valor1 aMeléndez, Horacio0 tCostos y gestióng- Año 13, Nº 53 (sep. 2004)wREV12786 c26668d26668